Možnosti ochrany spotrebiteľov ako nástroj prevencie nekalej súťaže bakalárska práca

Guardado en:
Detalles Bibliográficos
Autor principal: Chrzanová, Dominika
Autor Corporativo: Fakulta podnikového manažmentu EU. Katedra podnikovohospodárska
Otros Autores: Kissová, Jana, 1979-
Formato: Libro
Lenguaje:eslovaco
Publicado: Bratislava 2023
Etiquetas: Agregar Etiqueta
Sin Etiquetas, Sea el primero en etiquetar este registro!

MARC

LEADER 00000nbm a2200000 4500
001 0293479
005 20240219125358.0
041 0 |a slo 
044 |a SK 
245 1 0 |a Možnosti ochrany spotrebiteľov ako nástroj prevencie nekalej súťaže  |b bakalárska práca  |c Dominika Chrzanová ; školiteľ: Jana Kissová 
264 1 |a Bratislava  |c 2023 
300 |a 46 s. 
100 1 |a Chrzanová, Dominika 
700 1 |a Kissová, Jana, 1979- 
710 2 |a Fakulta podnikového manažmentu EU. Katedra podnikovohospodárska